El ocaso del emperador: Carlos V en Yuste

שמור ב:
מידע ביבליוגרפי
מחבר ראשי: García Simon, Agustín (Author)
פורמט: ספר
שפה:ספרדית
יצא לאור: Madrid Nerea 1995
נושאים:
תגים: הוספת תג
אין תגיות, היה/י הראשונ/ה לתייג את הרשומה!

MARC

LEADER 00000nam a2200000 a 4500
001 UCZ5550
003 CL-VaPUC
008 951123e19950000SP |||||||||||||||||spa|d
082 0 4 |a 923.1  |b GAR  |2 21 
100 0 |a García Simon, Agustín  |e author  |9 349631 
245 1 3 |a El ocaso del emperador: Carlos V en Yuste 
300 |a 189 p 
942 |c BK 
945 |d 19951123 00:00:00  |a rleighto 
260 |a Madrid  |b Nerea  |c 1995 
600 0 7 |a CARLOS V  |2 CL-VaPUC  |9 349626 
650 0 |a Biografías  |9 255210 
650 7 |a REYES  |2 CL-VaPUC  |9 349627 
583 |a last modification  |c 19951123 00:00:00  |k Rodrigo Vera 
999 |c 241848  |d 241846 
952 |0 0  |1 0  |4 0  |6 923_100000000000000_GAR_1995  |7 0  |8 A  |9 254362  |a BIBHIS  |b BIBHIS  |d 2019-11-19  |i 3152979  |o 923.1 GAR 1995  |p 3152979  |r 2025-01-20  |w 2019-11-19  |y BK  |k HIS